000 00421nam a22001457a 4500
008 250512b |||||||| |||| 00| 0 eng d
020 _a139783906390659
050 _aQP561
_b.D365
100 _aHans Bruckner
245 _aD-Amino Acids in Chemistry, life science and Biotechnology
260 _aSwitzer Land
_bWiley - VCH
_c2011
300 _axiii, 377P.
_bill.
650 _aAmino Acids
_vD-Amino-Acid Oxide
942 _cBK
999 _c3398
_d3398